000 00522nam a2200217Ia 4500
003 OSt
005 20220928141025.0
006 a|||||r|||| 00| 0
007 ta
008 220927b |||||||| |||| 00| 0 eng d
024 _a12913
037 _cTextual
040 _aSDCL
_cSDCL
_beng
041 _2eng
_aeng
082 _aO-,3N421,1, M2
100 _aThomas Craig
_9498518
245 0 _aJade tiger
260 _c!982
942 _hO-,3N421,1, M2
_cTEXL
_2CC
999 _c815322
_d815322